Kursus caruman membantu kadar : 11 - 13 Jun 2003

Bibliographic Details
Format: Book

MARC

LEADER 00000cam a2200000 7i4500
001 0000025973
005 20150519.0
040 |a INS 
090 0 0 |a AVO60 
245 0 0 |a Kursus caruman membantu kadar :   |b 11 - 13 Jun 2003 
999 |a AVO0000345   |b BOOK   |c Course Notes   |e Default branch